Online
Catalog

Inmigración, pensamiento y nación, 1880-1930 / (Record no. 51312)

MARC details
000 -CABECERA
campo de control de longitud fija 00874nam a2200265 a 4500
003 - IDENTIFICADOR DEL NÚMERO DE CONTROL
campo de control DO-SdBNP
005 - FECHA Y HORA DE LA ÚLTIMA TRANSACCIÓN
campo de control 20220202134541.0
007 - CAMPO FIJO DE DESCRIPCIÓN FÍSICA--INFORMACIÓN GENERAL
campo de control de longitud fija ta
008 - DATOS DE LONGITUD FIJA--INFORMACIÓN GENERAL
campo de control de longitud fija 220202e2019 dr a|||gr|||| 001 e spa d
020 ## - NÚMERO INTERNACIONAL ESTÁNDAR DEL LIBRO
Número Internacional Estándar del Libro 9789945805536
040 ## - FUENTE DE LA CATALOGACIÓN
Centro catalogador/agencia de origen DO-SdBNP
Lengua de catalogación spa
Centro/agencia transcriptor BNPHU
082 #4 - NÚMERO DE LA CLASIFICACIÓN DECIMAL DEWEY
Número de edición 22
Número de documento/Ítem C355i
100 1# - ENTRADA PRINCIPAL--NOMBRE DE PERSONA
9 (RLIN) 12271
Nombre de persona Castro, Aquiles,
Fechas asociadas al nombre 1959-
245 10 - MENCIÓN DE TÍTULO
Título Inmigración, pensamiento y nación, 1880-1930 /
Mención de responsabilidad, etc. Aquiles Castro, Ana Féliz
260 ## - PUBLICACIÓN, DISTRIBUCIÓN, ETC.
Lugar de publicación, distribución, etc. Santo Domingo :
Nombre del editor, distribuidor, etc. Búho,
Fecha de publicación, distribución, etc. 2019
300 ## - DESCRIPCIÓN FÍSICA
Extensión 202 p. :
Otras características físicas il., ;
Dimensiones 23 cm.
500 ## - NOTA GENERAL
Nota general Incluye bibliografía y notas al pié de páginas.
504 ## - NOTA DE BIBLIOGRAFÍA, ETC.
Nota de bibliografía, etc. Bibliografía: p.191- 202
590 ## - NOTA LOCAL (RLIN)
Nota local Inventariado 2022 / MF
650 #4 - PUNTO DE ACCESO ADICIONAL DE MATERIA--TÉRMINO DE MATERIA
9 (RLIN) 46290
Término de materia o nombre geográfico como elemento de entrada Poliítica de Inmigración
Subdivisión general República Dominicana
650 #4 - PUNTO DE ACCESO ADICIONAL DE MATERIA--TÉRMINO DE MATERIA
9 (RLIN) 56697
Término de materia o nombre geográfico como elemento de entrada Inmigración
Subdivisión general Legislación
Subdivisión geográfica República Dominicana
700 1# - PUNTO DE ACCESO ADICIONAL--NOMBRE DE PERSONA
Nombre de persona Feliz, Ana
9 (RLIN) 81104
910 ## - DATOS DE OPCIÓN DEL USUARIO (OCLC)
Datos de opción del usuario MFeliz
942 ## - ELEMENTOS DE PUNTO DE ACCESO ADICIONAL (KOHA)
Fuente del sistema de clasificación o colocación Dewey Decimal Classification
Tipo de ítem Koha Libro
Holdings
Estado de retiro Estado de pérdida Fuente del sistema de clasificación o colocación Restricciones de uso No para préstamo Código de colección Localización permanente Ubicación/localización actual Ubicación en estantería Fecha de adquisición Fuente de adquisición Total de préstamos Signatura topográfica completa Código de barras Fecha visto por última vez Precio válido a partir de Tipo de ítem Koha Número de copia
    Dewey Decimal Classification Préstamo en sala   Dominicana de Servicio Biblioteca Nacional Pedro Henríquez Ureña Dominicana Depósito 10.12.2019 Depósito legal / Editora Búho   C355i 2022-0504 02.02.2022 02.02.2022 Libro e.3
    Dewey Decimal Classification Excluido de préstamo   Dominicana de Servicio Biblioteca Nacional Pedro Henríquez Ureña Patrimonio Dominicano Depósito 10.12.2019 Depósito legal / Editora Búho   C355i 2022-0502 02.02.2022 02.02.2022 Libro  
    Dewey Decimal Classification Excluido de préstamo   Dominicana de Servicio Biblioteca Nacional Pedro Henríquez Ureña Patrimonio Dominicano Depósito 10.12.2019 Depósito legal / Editora Búho   C355i 2022-0503 02.02.2022 02.02.2022 Libro e.2

Powered by Koha